Vocabulaire scientifique Français -> Anglais - Statistiques

Statistiques générales
  • Ce quiz a été pris 70 fois
    57 depuis la dernière actualisation
  • Le résultat moyen est 4 sur 20
Statistiques - réponses
Francais Anglais % Correct
un travail d'équipe teamwork
80%
les données data
75%
une maladie a disease
64%
un outil a tool
64%
une base de données a database
63%
un échantillon a sample
60%
un sondage a poll / survey
50%
une percée a breakthrough
45%
examen par les pairs a peer review
40%
une expérience contrôlée a controlled experiment
33%
un chercheur / une chercheuse a researcher
33%
un logiciel software
33%
collecter des données to collect data
30%
une étude de bureau a desk study
29%
à la veille d'une découverte on the verge of a discovery
29%
résoudre un problème to solve a problem
29%
une étude de cas a case study
27%
un brevet / breveter a patent / to patent
27%
continu / en cours ongoing
27%
la recherche empirique empirical research
25%
le plagiat plagiarism
25%
un membre (anatomie) a limb
22%
(faire) une découverte (to make) a discovery
22%
une tendance a trend
20%
demander un financement to apply for funding
20%
avancer à grands pas to make great strides
18%
un groupe de contrôle a control group
17%
un échantillon aléatoire a random sample
17%
une méthode d'échantillonage a sampling method
17%
microbes germs
17%
une étude de terrain a field study
14%
approfondi(e) in-depth
14%
être sur la piste de to be on the trail of
14%
établir un cadre to establish a framework
14%
faire une prédiction to make a prediction
14%
un test / un essai a trial
13%
évaluer to assess / to appraise
13%
remettre en question / contester to challenge
13%
un résumé an abstract
11%
une analyse approfondie a thorough analysis
11%
empêcher la propagation de to prevent the spread of
11%
partager les résultats to share results
11%
effectuer des essais to carry out tests
10%
tester une hypothèse to test a hypothesis
10%
dépistage screening
8%
une énigme scientifique a scientific puzzle
0%
une technologie de pointe cutting-edge technology
0%
fondée sur des preuves evidence-based
0%
résultats findings
0%
révolutionnaire / novateur ground-breaking
0%
une recherche innovante pioneering research
0%
des travaux scientifiques scientific pursuit
0%
le domaine scientifique the scientific field
0%
mener une étude / réaliser des tests to carry out (research/tests)
0%
réaliser une expérience to conduct an experiment
0%
saisir des données dans une feuille de calcul to enter data in a spreadsheet
0%
suivre un schéma to follow a pattern
0%
enquêter to investigate
0%
parvenir / arriver à une conclusion to reach a conclusion
0%
recevoir une bourse de recherche to receive a research grant
0%
Aucun quiz correspondant
Distribution des résultats
% des personnes avec chaque résultat
Percentile par nombre de réponses
Votre historique - résultats
Vous n’avez pas pris ce quiz depuis la dernière actualisation